Sports Quiz

Random Sports or NBA Quiz

NBA All Time Playoff Game Highs By Team Quiz Stats

 Plays Quiz not verified by Sporcle

Support Sporcle.
Go Orange.
Score 0/150 Timer 15:00
0 Plays Today
Hints Answer % Correct
AtlantaBob Pettit, Dominique Wilkins
97.4%
Chicago 4 Players 
97%
ClevelandLeBron James
96.6%
MiamiLeBron James
96.6%
San Antonio 4 Players 
96.6%
ChicagoMichael Jordan
96.2%
Chicago 3 Players 
96.2%
LA ClippersDeAndre Jordan, Bob McAdoo
96.2%
New OrleansChris Paul, Rajon Rondo
95.9%
MinnesotaKevin Garnett
95.5%
MinnesotaKevin Garnett
95.5%
New YorkPatrick Ewing, Darrell Walker
95.1%
BostonDennis Johnson
94.7%
Golden StateGeorge Johnson
94.7%
Houston 3 Players 
94.7%
LA LakersMagic Johnson
94.7%
LA LakersMagic Johnson, Byron Scott
94.7%
BostonBill Russell
94%
Cleveland 4 Players 
94%
PhoenixOliver Miller, Mark West
94%
DallasDerek Harper, Jason Kidd
93.2%
New OrleansDavid West
93.2%
OrlandoDwight Howard, Tracy McGrady
93.2%
BrooklynJason Kidd
92.9%
DetroitIsiah Thomas
92.9%
Golden StateWilt Chamberlain
92.9%
Golden StateWilt Chamberlain
92.9%
LA LakersWilt Chamberlain
92.9%
MemphisMarc Gasol, Zach Randolph
92.9%
MemphisMarc Gasol
92.9%
PhiladelphiaWilt Chamberlain
92.9%
PhiladelphiaWilt Chamberlain
92.9%
DallasDirk Nowitzki
92.5%
DallasDirk Nowitzki
92.5%
MemphisTony Allen, Mike Conley
92.5%
Oklahoma CityRussell Westbrook
92.5%
Oklahoma CityNate McMillan, Russell Westbrook
92.5%
Oklahoma CityRussell Westbrook
92.5%
UtahCarlos Boozer, Karl Malone
92.5%
Brooklyn 3 Players 
92.1%
UtahKarl Malone
92.1%
UtahKarl Malone, John Stockton
92.1%
WashingtonJohn Wall
92.1%
BrooklynVince Carter
91.7%
IndianaJermaine O'Neal
91.7%
MiamiShaquille O'Neal, Rony Seikaly
91.7%
TorontoVince Carter
91.7%
LA ClippersChris Paul
91.4%
MilwaukeeKareem Abdul-Jabbar
91.4%
MilwaukeeKareem Abdul-Jabbar
91.4%
Hints Answer % Correct
IndianaReggie Miller
91%
HoustonJames Harden, Robert Horry
90.6%
HoustonHakeem Olajuwon
90.2%
HoustonHakeem Olajuwon
90.2%
CharlotteBaron Davis
89.8%
New OrleansAnthony Davis
89.8%
New OrleansAnthony Davis
89.8%
OrlandoDwight Howard
89.8%
OrlandoDwight Howard
89.8%
PortlandDamian Lillard
89.8%
San AntonioTim Duncan
89.8%
San AntonioTim Duncan
89.8%
PhoenixSteve Nash
89.5%
BostonRajon Rondo
89.1%
New OrleansRajon Rondo
89.1%
MemphisMike Conley
88.7%
MemphisMike Conley
88.7%
PhiladelphiaAllen Iverson
88.7%
PhiladelphiaAllen Iverson
88.7%
New YorkPatrick Ewing
88%
UtahJohn Stockton
87.6%
MiamiDwyane Wade
86.1%
ClevelandKevin Love
85.7%
MilwaukeePaul Pressey, Oscar Robertson
85.3%
SacramentoOscar Robertson
85%
SacramentoOscar Robertson
85%
BostonJohn Havlicek
83.8%
Detroit 3 Players 
83.8%
Golden StateRick Barry, Tim Hardaway
83.5%
WashingtonGilbert Arenas, Elvin Hayes
83.5%
LA LakersElgin Baylor
82%
San AntonioGeorge Gervin
81.6%
CharlotteAlonzo Mourning
81.2%
CharlotteAlonzo Mourning
81.2%
MiamiAlonzo Mourning
81.2%
Golden StateTim Hardaway
80.8%
OrlandoPenny Hardaway
80.8%
DenverDikembe Mutombo
80.1%
DetroitBen Wallace
79.7%
PhoenixCharles Barkley
78.9%
PhoenixCharles Barkley
78.9%
PhoenixCharles Barkley
78.9%
WashingtonElvin Hayes
78.9%
BostonRobert Parish, Kendrick Perkins
78.6%
Portland 4 Players 
78.6%
AtlantaJosh Smith
77.8%
MilwaukeeAlton Lister, Elmore Smith
77.8%
BrooklynDerrick Coleman, Jayson Williams
77.1%
LA ClippersBob McAdoo
76.7%
Oklahoma CitySerge Ibaka
76.7%
Hints Answer % Correct
TorontoSerge Ibaka
76.7%
Denver 3 Players 
73.7%
New YorkWalt Frazier
72.9%
WashingtonWes Unseld
72.6%
TorontoDeMar DeRozan
72.2%
SacramentoChris Webber
71.8%
IndianaMark Jackson
70.3%
PortlandBill Walton
68%
PortlandBill Walton
68%
DenverNikola Jokić
67.3%
LA ClippersRon Harper, Jamal Crawford
66.2%
Cleveland 3 Players 
65.8%
DallasDerek Harper
63.5%
ClevelandMark Price
62.4%
CharlotteGlen Rice
59.4%
MinnesotaSam Cassell
55.6%
DenverT.R. Dunn, Bobby Jones
55.3%
PhiladelphiaDarryl Dawkins, Caldwell Jones
55.3%
New YorkBernard King
54.9%
UtahMark Eaton
54.5%
DetroitDave DeBusschere, Ray Scott
54.1%
ChicagoArtis Gilmore
52.6%
IndianaRoy Hibbert
49.2%
BrooklynDerrick Coleman
48.5%
SacramentoJack Coleman
48.5%
CharlotteMuggsy Bogues
48.1%
Minnesota 3 Players 
46.2%
DetroitDave Bing
40.6%
New YorkCharles Oakley
39.8%
MinnesotaStephon Marbury
38%
LA LakersAndrew Bynum
36.1%
OrlandoNick Anderson
36.1%
DallasShawn Bradley, Raef LaFrentz
33.5%
DenverFat Lever
33.5%
WashingtonManute Bol
30.8%
AtlantaDoc Rivers
29.3%
SacramentoDoug Christie, Bill Robinzine
24.8%
AtlantaMookie Blaylock
24.4%
MiamiJosh Richardson
21.8%
TorontoBismack Biyombo
17.7%
San AntonioJohnny Moore
11.3%
PortlandLionel Hollins
9%
AtlantaBill Bridges
7.5%
HoustonSleepy Floyd
4.1%
TorontoChris Childs
3.4%
Oklahoma CityMarvin Webster
2.6%
IndianaHaywoode Workman
0.8%
LA ClippersGar Heard
0.8%
MilwaukeeCraig Hodges
0.8%
ChicagoTom Boerwinkle
0%

You're not logged in!

Compare scores with friends on all Sporcle quizzes.
OR
Log In

From the Vault

MLB Without Baseball

by myitbos

These team names are missing a very important component, but that won't stop them from trying!
Remove Ads.
Support Sporcle.
Get the best of Sporcle when you Go Orange. This ad-free experience offers more features, more stats, and more fun while also helping to support Sporcle. Thank you for becoming a member.

Show Comments

Extras

Top Quizzes Today


Score Distribution

Your Account Isn't Verified!

In order to create a playlist on Sporcle, you need to verify the email address you used during registration. Go to your Sporcle Settings to finish the process.

Report this User

Report this user for behavior that violates our Community Guidelines.

Details: